[Event "Challenge"]
[Site "http://www.queenalice.com/game.php?id=1866699"]
[Date "2025.12.7"]
[Round "-"]
[White "digger"]
[Black "dosoldini"]
[Result "1-0"]
[WhiteElo "1727"]
[BlackElo "1612"]

1. d4 d5 2. Nf3 Nf6 3. e3 a6 4. Bd3 Ne4 5. O-O e6 6. c4 Nc6 7. c5 Be7 8. Bxe4
dxe4 9. Ne5 O-O 10. Nxc6 bxc6 11. f3 Qd5 12. Nc3 Qd7 13. Nxe4 Qd5 14. Nc3 Qd7
15. b4 a5 16. Qa4 Ba6 17. Re1 Rfb8 18. bxa5 Bb5 19. Nxb5 Rxb5 20. Bd2 e5 21. Bc3
Rf8 22. Rad1 g5 23. dxe5 Qf5 24. Qc4 Rxc5 25. Qb4 Qe6 26. Re2 Rc4 27. Qb3 Rc5
28. Qxe6 fxe6 29. Bb4 Kf7 30. Rd7 Rc1+ 31. Kf2 Ke8 32. Rxc7 Bxb4 33. Kg3 Be1+
34. Kg4 Bxa5 35. Rc8+ Bd8 36. a4 Rh8 37. Rd2 Ke7 38. Kxg5 Rg8+ 39. Kh5 Rc5 40.
f4 Rf8 41. g3 Ra5 42. Rd4 c5 43. Rc4 Kd7 44. R8xc5 Ra7 45. Kh6 Rc7 46. Kxh7 Kc8+
47. Kh6 Rxc5 48. Rxc5+ Bc7 49. Kg7 1-0

[Event "AUTO-OPEN-4629"]
[Site "http://www.queenalice.com/game.php?id=1866801"]
[Date "2025.12.9"]
[Round "1"]
[White "dosoldini"]
[Black "game"]
[Result "1-0"]
[WhiteElo "1599"]
[BlackElo "1650"]

1. e4 c5 2. Bc4 d6 3. Nc3 Be6 4. Bxe6 fxe6 5. Nf3 Nf6 6. h3 e5 7. Qe2 Nc6 8. d3
Nd4 9. Nxd4 exd4 10. Nd5 Nxd5 11. exd5 e5 12. g3 b5 13. O-O Qb8 14. f4 Qb7 15.
Qe4 O-O-O 16. Bd2 Re8 17. f5 h6 18. Bf4 c4 19. Qe2 e4 20. dxe4 g5 21. Bd2 Bg7
22. f6 Bf8 23. Rf5 Rh7 24. Raf1 Qb6 25. Qh5 Kd7 26. Qg4 d3+ 27. R5f2+ Kd8 28.
Qf5 Rf7 29. cxd3 Qd4 30. Ba5+ Qb6 31. Bxb6+ axb6 32. Rc1 Re5 33. Qg6 Ke8 34. Qh5
cxd3 35. Rc8+ Kd7 36. Qxf7+ Kxc8 37. Qxf8+ Kd7 38. Qf7+ Kc8 39. Qg6 b4 40. f7 b3
41. f8=Q+ 1-0

[Event "AUTO-OPEN-4629"]
[Site "http://www.queenalice.com/game.php?id=1866824"]
[Date "2025.12.9"]
[Round "1"]
[White "dosoldini"]
[Black "SGF"]
[Result "0-1"]
[WhiteElo "1639"]
[BlackElo "1850"]

1. e4 e5 2. Nf3 Qf6 3. Nc3 c6 4. a3 Be7 5. d3 d6 6. Bg5 Qg6 7. h4 h5 8. Be2 Bxg5
9. hxg5 Bg4 10. Qd2 Bxf3 11. Bxf3 Ne7 12. d4 Nd7 13. O-O-O f6 14. d5 Qxg5 15.
Qxg5 fxg5 16. dxc6 Nxc6 17. Rxd6 Nd4 18. Bxh5+ Ke7 19. Rd5 g6 20. g4 gxh5 21.
Nb5 Nxb5 22. Rxb5 hxg4 23. Rxh8 Rxh8 24. Rxb7 a5 25. Rb3 Nc5 26. Rb5 Kd6 27.
Rb6+ Kc7 28. Rb5 Nxe4 29. Rxe5 Rh1# 0-1

[Event "AUTO-OPEN-4629"]
[Site "http://www.queenalice.com/game.php?id=1866826"]
[Date "2025.12.9"]
[Round "1"]
[White "dosoldini"]
[Black "josebaron"]
[Result "0-1"]
[WhiteElo "1641"]
[BlackElo "2187"]

1. e4 e5 2. a3 Nf6 3. Nc3 Bc5 4. Nf3 O-O 5. h3 Nc6 6. Bd3 d5 7. b4 dxe4 8. Bxe4
Nxe4 9. Nxe4 Bb6 10. Nc5 Bxc5 11. bxc5 e4 12. Nh2 Qd4 0-1

[Event "AUTO-ADV-4908"]
[Site "http://www.queenalice.com/game.php?id=1866899"]
[Date "2025.12.11"]
[Round "1"]
[White "dosoldini"]
[Black "Fauquinelle"]
[Result "0-1"]
[WhiteElo "1599"]
[BlackElo "1961"]

1. e4 e5 2. Nf3 Nc6 3. c3 Nf6 4. d3 d5 5. h3 Bc5 6. Nbd2 dxe4 7. Nxe4 Nxe4 8.
Qe2 Bxf2+ 9. Kd1 Nxc3+ 10. bxc3 Bg3 11. h4 Bg4 12. Be3 O-O 13. Kd2 e4 14. d4
exf3 15. gxf3 Be6 16. Bg2 Bxh4 17. Bf2 Bg5+ 18. Be3 Re8 19. f4 Bf6 20. Be4 g6
21. Qg2 Nxd4 22. Rad1 c6 23. Ke1 Bd5 0-1

[Event "AUTO-ADV-4908"]
[Site "http://www.queenalice.com/game.php?id=1866900"]
[Date "2025.12.11"]
[Round "1"]
[White "Fauquinelle"]
[Black "dosoldini"]
[Result "1-0"]
[WhiteElo "1976"]
[BlackElo "1601"]

1. d4 d5 2. c4 c5 3. Bf4 Nd7 4. cxd5 Qa5+ 5. Nc3 Qb4 6. Nf3 Ndf6 7. Qb3 Qa5 8.
e3 Nd7 9. Bb5 a6 10. Bd3 Qd8 11. O-O h6 12. Rac1 g5 13. Bg3 Ngf6 14. Ne4 Bg7 15.
dxc5 Nxe4 16. Bxe4 g4 17. Nh4 Nf6 18. f3 O-O 19. Rfd1 1-0